Cuaderno 2 (XXIV) 1929-1933: Miscelánea I /
Salvato in:
| Autore principale: | |
|---|---|
| Natura: | testo |
| Tags: |
Aggiungi Tag
Nessun Tag, puoi essere il primo ad aggiungerne!!
|
MARC
| LEADER | 00000 a a2200000 04500 | ||
|---|---|---|---|
| 001 | 45601 | ||
| 003 | |||
| 040 | |a CRAI/IIS |c CRAI/IIS | ||
| 020 | |a 968-411-064-2 | ||
| 090 | |a 03.03.01 G757c T1 | ||
| 100 | |a Gramsci, A | ||
| 245 | |a Cuaderno 2 (XXIV) 1929-1933: |b Miscelánea I / |c Antonio Gramsci | ||
| 773 | |g número1 (1), Páginas 197-305 | ||
| 999 | |c 18292 |d 18292 | ||



